Представление документа в формате MARC21

Поле Инд. ПП Название Значение
Тип записи a
Библиографический уровень b
001 Контрольный номер RU/IS/BASE/212260015
005 Дата корректировки 20220715140324.1
008 Кодируемые данные 20060922
040 b Код языка каталог. rus
e Правила каталог. PSBO
041 0_ a Код языка текста rus
084 a Индекс другой классификации/Индекс ББК 60.59; 60.51(0)6
100 1_ a Автор Рязанцев И. П.
q Полное имя Рязанцев Игорь Павлович
245 10 a Заглавие Социология региона как теория среднего уровня: к постановке проблемы
504 a Библиография Библиогр. ссылки. - Примеч.
600 a Персоналии Валлерстайн Иммануил
650 a Основная рубрика история социологии
a Основная рубрика социология
653 a Ключевые слова XX век
a Ключевые слова методология социологических исследований
a Ключевые слова периферия
a Ключевые слова пространственная социология
a Ключевые слова регионализация
a Ключевые слова региональная социология
a Ключевые слова региональные исследования
a Ключевые слова регионы
a Ключевые слова регионы России
a Ключевые слова социально-территориальные общности
a Ключевые слова социально-экономическое развитие
a Ключевые слова социологическая теория
a Ключевые слова США
a Ключевые слова центр
a Ключевые слова экономическая социология
773 0_ t Заглавие источника Вестник Московского университета. Серия 18, Социология и политология
d Дата издания источника 2006
g Прочая информация № 3. - С. 39 - 55
w Контрольный № источника RU/IS/BASE/211298150
901 t Тип документа b